Every city in San Luis, Argentina - Statistics

General Stats
  • This quiz has been taken 87 times
  • The average score is 18 of 85
Answer Stats
City Population % Correct
San Luis 169,947
100%
Merlo 17,084
81%
Villa Mercedes 111,391
81%
La Punta 13,182
69%
La Toma 7,374
56%
Concarán 5,119
50%
Justo Daract 10,135
50%
Potrero de los Funes 1,698
50%
Arizona 1,040
44%
Juana Koslay 12,467
44%
Quines 7,459
44%
San Martín 697
44%
Tilisarao 6,256
44%
Buena Esperanza 2,933
38%
Carolina 251
38%
El Trapiche 1,200
38%
El Volcán 1,775
38%
Fraga 1,127
38%
Luján 2,016
38%
Nueva Galia 1,353
38%
Papagayos 433
38%
San Francisco del Monte de Oro 3,732
38%
Santa Rosa del Conlara 5,511
38%
Beazley 957
31%
Nogolí 739
31%
Unión 2,462
31%
Carpintería 1,788
25%
Cortaderas 822
25%
La Punilla 192
25%
Naschel 3,543
25%
San José del Morro 91
25%
Villa de Praga 181
25%
Villa Larca 957
25%
Villa Reynolds 647
25%
Alto Pelado 119
19%
Anchorena 631
19%
Juan Jorba 201
19%
Juan Llerena 272
19%
La Florida 297
19%
San Pablo 192
19%
Villa del Carmen 751
19%
Alto Pencoso 272
13%
Balde 589
13%
Batavia 349
13%
Candelaria 2,729
13%
Cerro de Oro 560
13%
Desaguadero 96
13%
Fortín El Patria 480
13%
Lafinur 201
13%
Renca 178
13%
Salinas del Bebedero 76
13%
Bagual 230
6%
Chosmes 47
6%
Estancia Grande 53
6%
Jarilla 46
6%
La Calera 598
6%
La Maroma 14
6%
Las Chacras 176
6%
Los Molles 732
6%
Mosmota 9
6%
Nación Ranquel 57
6%
Navia 205
6%
Río Grande 155
6%
Saladillo 275
6%
San Jerónimo 330
6%
Talita 50
6%
Villa de la Quebrada 523
6%
Villa General Roca 162
6%
Zanjitas 201
6%
Cazador 100
0%
Fortuna 82
0%
La Bajada 91
0%
Las Aguadas 100
0%
Las Lagunas 111
0%
Lavaisse 68
0%
La Vertiente 98
0%
Leandro N. Alem 379
0%
Los Cajones 431
0%
Los Overos 24
0%
Martín de Loyola 78
0%
Nahuel Mapá 66
0%
Paso Grande 427
0%
Potrerillo 40
0%
Riocito 83
0%
Villa Salles 76
0%
No matching quizzes found
Score Distribution
Percent of People with Each Score
Percentile by Number Answered
Your Score History
You have not taken this quiz